Plánované hospodářství

Na minha lista:
Detalhes bibliográficos
Formato: Periódico
Idioma:tcheco
Publicado em: Praha Panorama 1986
Assuntos:
Tags: Adicionar Tag
Sem tags, seja o primeiro a adicionar uma tag!

MARC

LEADER 00000nas2a2200000 4500
001 s041637
005 20180117152343.4
041 0 |a cze 
044 |a CZ 
245 1 0 |a Plánované hospodářství 
264 1 |a Praha  |b Panorama  |c 1986 
300 |a 2 zv. 
773 0 |w eu_un_cat*s121006 
610 2 0 |a plánovanie hospodárske